000 00311nam a22001217a 4500
008 180519b xxu||||| |||| 00| 0 eng d
041 _aeng
080 _a043.3
100 _a0
101 _aSHKI-BA
245 _aAutomated Software Testing using HIP Quick Test Professional -QTP
_cMenxhiqi, K
942 _2udc
_cBK
999 _c46076
_d46076